<?xml version="1.0" encoding="UTF-8"?>
<record
    xmlns:xsi="http://www.w3.org/2001/XMLSchema-instance"
    xsi:schemaLocation="http://www.loc.gov/MARC21/slim http://www.loc.gov/standards/marcxml/schema/MARC21slim.xsd"
    xmlns="http://www.loc.gov/MARC21/slim">

  <leader>00420nam a22001457a 4500</leader>
  <controlfield tag="008">230609b        |||||||| |||| 00| 0 eng d</controlfield>
  <datafield tag="040" ind1=" " ind2=" ">
    <subfield code="a">National Science Library</subfield>
    <subfield code="c">National Science Library</subfield>
  </datafield>
  <datafield tag="080" ind1=" " ind2=" ">
    <subfield code="a">628.1 </subfield>
    <subfield code="b">N3</subfield>
  </datafield>
  <datafield tag="100" ind1=" " ind2=" ">
    <subfield code="a">Rao, K Nageswara</subfield>
    <subfield code="9">11353</subfield>
  </datafield>
  <datafield tag="245" ind1=" " ind2=" ">
    <subfield code="a">Economics of water supply </subfield>
  </datafield>
  <datafield tag="260" ind1=" " ind2=" ">
    <subfield code="a">Bombay: </subfield>
    <subfield code="b">Himalay Publishing House, </subfield>
    <subfield code="c">1993</subfield>
  </datafield>
  <datafield tag="300" ind1=" " ind2=" ">
    <subfield code="a">viii, 231p.</subfield>
  </datafield>
  <datafield tag="650" ind1=" " ind2=" ">
    <subfield code="a">Science</subfield>
  </datafield>
  <datafield tag="942" ind1=" " ind2=" ">
    <subfield code="2">udc</subfield>
    <subfield code="c">BK</subfield>
  </datafield>
  <datafield tag="999" ind1=" " ind2=" ">
    <subfield code="c">41715</subfield>
    <subfield code="d">41715</subfield>
  </datafield>
  <datafield tag="952" ind1=" " ind2=" ">
    <subfield code="0">0</subfield>
    <subfield code="1">0</subfield>
    <subfield code="2">udc</subfield>
    <subfield code="4">0</subfield>
    <subfield code="6">6281_N3</subfield>
    <subfield code="7">0</subfield>
    <subfield code="9">62183</subfield>
    <subfield code="a">NSL</subfield>
    <subfield code="b">NSL</subfield>
    <subfield code="c">GF/Rk-13/C-15/R-6</subfield>
    <subfield code="d">1994-03-18</subfield>
    <subfield code="l">0</subfield>
    <subfield code="o">628.1 N3</subfield>
    <subfield code="p">174643</subfield>
    <subfield code="r">2023-06-09 00:00:00</subfield>
    <subfield code="w">1994-03-18</subfield>
    <subfield code="y">BK</subfield>
  </datafield>
</record>
